000 00728nam a2200253 a 4500
001 BRCA_2602
005 20190320203902.0
008 281108s1919----gw-a---###---#000-0#ger-u
041 _ager
044 _agw
050 4 _aNE650.C3
_b.N37 1
_c1919
100 1 _aNasse, Hermann
_97423
245 1 0 _aJacques Callot
_cvon Hermann Nasse.
260 _aLeipzig, Alemania
_bKlinkhardt & Biermann
_c1919
300 _a77 p.
_bil., 49 láminas
_c32 cm.
440 0 _aMeister der Graphik
_v1
_97424
500 _aIncluye grabados e índice de imágenes.
500 _aEjemplar igual a A85
500 _aA59
600 1 4 _aCallot, Jacques
_d1592-1635
_97425
650 1 4 _aGrabadores franceses
_97426
902 _aGFM
942 _2lcc
_cB
999 _c2342
_d2342